El coraje de vivir / [por] Van Der Meersch Majencio

محفوظ في:
التفاصيل البيبلوغرافية
المؤلف الرئيسي: Meersch, Maxence van der (autor)
التنسيق: كتاب
الموضوعات:
الوسوم: إضافة وسم
لا توجد وسوم, كن أول من يضع وسما على هذه التسجيلة!

MARC

LEADER 00000nam^a2200000^u^4500
001 000541128
005 20250521000000.0
008 060220s1000^^^^^^^^^^^^r^^^^^000^0^spa^d
009 20260310131218.958
035 |a FMI 000009314 
037 |a Acervo Xavier Clavigero 
096 |a 9.1.1/82/B 
100 |a Meersch, Maxence van der  |e (autor)  |e (autor) 
245 1 3 |a El coraje de vivir / [por] Van Der Meersch Majencio 
264 |a Buenos Aires : Mundo Moderno, 1953 
300 |a 264 p. 
336 |a texto  |b txt  |2 rdacontenido 
337 |a sin mediación  |b n  |2 rdamedio 
338 |a volumen  |b nc  |2 rdasoporte 
597 |a Novela escrita por un obrero, para los obreros. Trad.d el francés ("Pecheurs d'Hommes") por E. Rau. 
649 |a XX 
650 |a NOVELA 
910 |a Fondo Francisco Migoya Covarrubias S.J. 
920 |a Impresos - Libros 
930 |a Fondos Especiales 
905 |a 134 
901 |a SBC02108  |b IT2  |c ESP  |u 20250521 
902 |a https://opac.biblio.iteso.mx/vufind/Record/000541128